[Event "IMB3"]
[Site "Marianske Lazne CZE"]
[Date "2010.01.22"]
[Round "8"]
[White "Jurek,J"]
[Black "Babula,M"]
[Result "1-0"]
[WhiteElo "2343"]
[BlackElo "2306"]

1.d4 Nf6 2.Nf3 g6 3.c4 Bg7 4.g3 O-O 5.Bg2 d6 6.Nc3 Nbd7 7.O-O c6 8.e4 e5
9.h3 Re8 10.Be3 exd4 11.Nxd4 Nc5 12.Qc2 a5 13.Rad1 Bd7 14.b3 Rb8 15.Bf4 Bf8
16.Rfe1 Nh5 17.Be3 Qc8 18.Kh2 Ne6 19.Nde2 Qc7 20.Kg1 Nhg7 21.a3 f5 22.Qd2 Rbd8
23.b4 axb4 24.axb4 Bc8 25.Na4 Qf7 26.Nec3 fxe4 27.Nxe4 Nf5 28.Bb6 Rd7 29.Nac3 h5
30.b5 Kh8 31.h4 Bh6 32.Ng5 Nxg5 33.hxg5 Rxe1+ 34.Rxe1 Bg7 35.bxc6 bxc6 36.Bxc6 Re7
37.Bd5 Be6 38.Bd8 Re8 39.Bf6 Bxd5 40.Nxd5 Re6 41.Rb1 Re8 42.Qd3 Rc8 43.Re1 Re8
44.Re4 Rxe4 45.Qxe4 Kg8 46.Kg2 Kf8 47.Qb1 Qe8 48.Qd3 Qe6 49.Nf4 Qf7 50.Nxh5 gxh5
51.Qxf5 Qxc4 52.Bxg7+ Kxg7 53.Qf6+ Kg8 54.Qg6+ Kf8 55.Qxd6+  1-0

[Event "LX Abto de Verano"]
[Site "Villa Ballester ARG"]
[Date "2010.01.27"]
[Round "6"]
[White "Scarella,E"]
[Black "Della Morte,G"]
[Result "1-0"]
[WhiteElo "2363"]
[BlackElo "2341"]

1.c4 g6 2.d4 Nf6 3.Nf3 Bg7 4.g3 O-O 5.Bg2 d6 6.Nc3 Nbd7 7.O-O e5 8.e4 exd4
9.Nxd4 Re8 10.h3 a6 11.Be3 Rb8 12.a4 c5 13.Nde2 Qe7 14.Qc2 b6 15.Nf4 Bb7
16.Nfd5 Qd8 17.Rad1 Bxd5 18.Nxd5 Nxd5 19.Rxd5 Nf6 20.Rd2 Re6 21.Rfd1 Qe7
22.Bf4 Ne8 23.h4 b5 24.axb5 axb5 25.Qb3 Bd4 26.cxb5 Nc7 27.Rxd4 cxd4 28.b6 Na8
29.Rxd4 Rxb6 30.Qc3 Nc7 31.Rc4 Ne8 32.Rc8 f6 33.Bh6 Kf7 34.Bf1 Qb7 35.Bh3 Re5
36.Qc4+ d5 37.Qc5 Re7 38.exd5 Qa6 39.Bd7 Rb7 40.Be6+ Qxe6 41.dxe6+ Kxe6 42.Rxe8  1-0

[Event "LX Abto de Verano"]
[Site "Villa Ballester ARG"]
[Date "2010.01.30"]
[Round "8"]
[White "Goldwaser,C"]
[Black "Della Morte,G"]
[Result "1-0"]
[WhiteElo "2441"]
[BlackElo "2341"]

1.Nf3 Nf6 2.c4 g6 3.d4 Bg7 4.g3 O-O 5.Bg2 d6 6.O-O c6 7.Nc3 Qb6 8.h3 Qa6
9.Qd3 d5 10.Ne5 Bf5 11.Qd1 dxc4 12.e4 Bc8 13.Be3 Nfd7 14.Nf3 b5 15.Qc2 Qa5
16.Nd2 Ba6 17.Rfc1 Qb6 18.e5 Bb7 19.b3 cxb3 20.Nxb3 a5 21.a4 b4 22.Ne4 Rc8
23.f4 Na6 24.Ned2 Qd8 25.Nc4 Nab8 26.f5 Ba6 27.fxg6 fxg6 28.Ncxa5 Nb6 29.Qe4 e6
30.Nxc6 Nxc6 31.Rxc6 Bc4 32.Rd6 Qc7 33.Nc5 b3 34.a5 b2 35.Rb1 Rxa5 36.Rxb2 Bd5
37.Qg4 Rxc5 38.dxc5 Nc4 39.Bxd5 exd5 40.Rd7 Qc6 41.Rbb7 Bxe5 42.Qh4  1-0

[Event "8th Gibtelecom Masters"]
[Site "Caleta ENG"]
[Date "2010.02.02"]
[Round "8"]
[White "Zaremba,An"]
[Black "Kawuma,S"]
[Result "1/2-1/2"]
[WhiteElo "2360"]
[BlackElo "2187"]

1.d4 Nf6 2.Nf3 g6 3.g3 Bg7 4.Bg2 O-O 5.c4 d6 6.O-O c6 7.Nc3 Nbd7 8.e4 e5
9.h3 Re8 10.Re1 exd4 11.Nxd4 a5 12.Be3 Nc5 13.Qc2 Qc7 14.Rad1 Ne6 15.Nde2 Bf8
16.f4 Nd7 17.g4 Qd8 18.Qd2 Nec5 19.Ng3 Qe7 20.b3 Ra6 21.Re2 Ra8 22.Rde1 Rd8
23.Bd4 Ne6 24.Be3 Nec5 25.Bf2 Re8 26.Nf5 Qf6 27.Bd4 Qe6 28.Nd5 Na6 29.Ba1 f6
30.g5 Qf7 31.Nxd6 Bxd6 32.Nxf6+ Nxf6 33.Qxd6 Nh5 34.f5 Qf8 35.Qd2 gxf5 36.exf5 Bxf5
37.Qc3 Rxe2 38.Rxe2 Qc5+ 39.Kh1 Kf7 40.Qf3 Kg6 41.Re5 Qf8 42.Qe3 Nc7 43.Be4 Ng7
44.h4 Re8 45.Bf3 Nh5 46.Kh2 Rxe5 47.Qxe5 Ne6 48.Be4 Qf7 49.Bf3 Bd3 50.Bxh5+ Kxh5
51.g6+ Qf5 52.Qxf5+ Bxf5 53.g7 Nxg7 54.Bxg7 Kxh4 55.c5 Bb1 56.Bc3 Bxa2 57.Bxa5 Bxb3
58.Bb6 Kg4 59.Ba7 Kf5 60.Kg3 Ke4 61.Kg4 Bd1+ 62.Kh4 Be2 63.Kg5 Kd5 64.Bb6 Kc4
65.Kh6 Bd3 66.Kg5 Kb5 67.Kh6 Kc4 68.Kg5 Kd5 69.Kh6 Ke6 70.Kg5 Kf7 71.Kh6 Kg8
72.Bc7 Be4 73.Bb6 Bg6 74.Ba7 Bf5 75.Bb6 Be4 76.Ba7 Bf5 77.Bb6 Bc8 78.Bc7 b5
79.cxb6 c5 80.Be5  1/2-1/2

[Event "8th Gibtelecom Masters"]
[Site "Caleta ENG"]
[Date "2010.02.02"]
[Round "8"]
[White "Javakhishvili,L"]
[Black "Lopez Martinez,Josep"]
[Result "1-0"]
[WhiteElo "2493"]
[BlackElo "2593"]

1.d4 Nf6 2.c4 g6 3.Nf3 Bg7 4.g3 O-O 5.Bg2 d6 6.Nc3 Nbd7 7.O-O e5 8.e4 Re8
9.h3 a6 10.Re1 exd4 11.Nxd4 Rb8 12.Rb1 Qe7 13.Nc2 Qf8 14.a4 h5 15.f4 b6 16.Re3 Bb7
17.b4 Nh7 18.Bd2 Qe7 19.Nd5 Qd8 20.Qe2 c6 21.Nc3 a5 22.b5 Nc5 23.Rd1 Qc7
24.e5 dxe5 25.fxe5 Rbd8 26.Re1 Qd7 27.bxc6 Bxc6 28.Nd5 Bxa4 29.Bc3 Qa7 30.Kh1 Bd7
31.Nd4 Qb8 32.Nf3 a4 33.Qb2 Be6 34.Nd4 Qc8 35.Nc6 Bxd5 36.cxd5 Rd7 37.Qxb6 Bf8
38.d6 Ne6 39.Ba5 Rb7 40.Qa6 Rb2 41.Qxc8 Rxc8 42.d7 Ra8 43.R3e2 Rb5 44.d8=Q Nxd8
45.Bxd8 Ra6 46.e6 fxe6 47.Rxe6 Rf5 48.Be4 Rc5 49.Ne7+  1-0

[Event "8th Gibtelecom Masters"]
[Site "Caleta ENG"]
[Date "2010.02.03"]
[Round "9"]
[White "Kozlov,O"]
[Black "Siebrecht,S"]
[Result "0-1"]
[WhiteElo "2279"]
[BlackElo "2468"]

1.c4 d6 2.g3 g6 3.Bg2 Bg7 4.d4 Nf6 5.Nf3 O-O 6.Nc3 Nc6 7.O-O a6 8.e3 Rb8
9.a3 b5 10.cxb5 axb5 11.b4 Bd7 12.Bb2 e6 13.e4 Ne8 14.Re1 Ne7 15.e5 Nc8 16.Bf1 f6
17.d5 fxe5 18.Nxe5 Bxe5 19.Rxe5 dxe5 20.dxe6 Ned6 21.exd7 Qxd7 22.Nd5 c6
23.Ne3 Qe6 24.Ng4 Nf7 25.Bh3 g5 26.Qf1 h5 27.Nxe5 g4 28.Nxf7 gxh3 29.Ng5 Qg6
30.Nxh3 Nd6 31.Qg2 Nc4 32.Bd4 Nd2 33.Be3 Nf3+ 34.Kh1 Rbd8 35.Nf4 Qe4 36.Rf1 Rf5
37.h4 Qc4 38.Nh3 Rd3 39.Ng1 Ne5 40.Rc1 Rc3 41.Ra1 Rxe3 42.fxe3 Ng4 43.Nh3 Nxe3
44.Qd2 Qe4+ 45.Kg1 Rd5 46.Qf2 Nd1 47.Qf4 Qe1+ 48.Qf1 Qe3+ 49.Kh1 Qe4+ 50.Qg2 Qe1+
51.Qg1 Qc3 52.Ra2 Nb2 53.Nf2 Re5 54.Kh2 Re2 55.Qf1 Qf3 56.Kg1 Qxg3+  0-1

[Event "8th Gibtelecom Masters"]
[Site "Caleta ENG"]
[Date "2010.02.03"]
[Round "9"]
[White "Pienabarca,N"]
[Black "Tjolsen,K"]
[Result "0-1"]
[WhiteElo "2071"]
[BlackElo "2212"]

1.d4 Nf6 2.Nf3 g6 3.g3 Bg7 4.Bg2 O-O 5.c4 d6 6.O-O Nc6 7.d5 Na5 8.Nfd2 c5
9.Nc3 a6 10.Qc2 Bd7 11.b3 b5 12.Bb2 Rb8 13.Rae1 e5 14.e4 Nh5 15.Nd1 Bh6 16.Ne3 Qc8
17.Qd1 f6 18.Bc1 Nb7 19.Bf3 Bxe3 20.Rxe3 Ng7 21.Bg2 Qc7 22.f4 Nd8 23.fxe5 dxe5
24.Bb2 Nb7 25.Qa1 Rbe8 26.Re2 Rf7 27.Nf3 Bg4 28.Ref2 Bxf3 29.Bxf3 Nd6 30.cxb5 axb5
31.Rc2 Qb6 32.Kh1 Ref8 33.Qc1 Rc7 34.Qe3 Qa7 35.Rfc1 c4 36.Qc3 Rfc8 37.Qb4 Nge8
38.a4 Rb8 39.a5 Ra8 40.Bc3 Qe3 41.Kg2 cxb3 42.Bd2 Rxc2 43.Rxc2 Qd3 44.Rc1 Nc4
45.Rd1 Ned6 46.Bh6 Qc2+ 47.Kh3 Rc8 48.Re1 b2 49.Bg4 f5 50.exf5 gxf5 51.Be2 Qa4
52.Qc3 Qxa5 53.Bd2 Ne4 54.Qxa5 Nxa5 55.Bxa5 Rc1 56.d6 b1=Q 57.d7 Ng5+  0-1

[Event "8th Gibtelecom Masters"]
[Site "Caleta ENG"]
[Date "2010.02.04"]
[Round "10"]
[White "De Andres Gonalons,F"]
[Black "Skage,O"]
[Result "0-1"]
[WhiteElo "2124"]
[BlackElo "1935"]

1.d4 Nf6 2.c4 g6 3.g3 Bg7 4.Bg2 d6 5.Nf3 O-O 6.O-O Nc6 7.Nc3 a6 8.Bg5 Rb8
9.Rc1 h6 10.Bxf6 Bxf6 11.Qd2 Bg7 12.h3 Kh7 13.Rfd1 e5 14.dxe5 dxe5 15.Qe3 Bd7
16.Rd2 Re8 17.Qc5 e4 18.Nh2 e3 19.fxe3 Re5 20.Qa3 Qg5 21.Nf1 Bf8 22.h4 Qf5
23.Qb3 Na5 24.Qd1 Be6 25.Nd5 Kg7 26.Rd4 g5 27.Nxc7 Bc5 28.Nxe6+ Qxe6 29.hxg5 hxg5
30.Rd5 Nc6 31.Rc3 f5 32.Rxe5 Nxe5 33.Qd5 Qe7 34.b4 Bxb4 35.Rb3 a5 36.a3 Bc5
37.a4 b6 38.Qd2 Nxc4 39.Qc3+ Ne5 40.Bf3 Kh6 41.Qc2 Qe6 42.Qd2 Qxb3  0-1

[Event "TCh-Eur Seniors"]
[Site "Dresden GER"]
[Date "2010.02.12"]
[Round "3"]
[White "Johansson,P"]
[Black "Lenk,W"]
[Result "0-1"]
[WhiteElo "2008"]
[BlackElo "2221"]

1.d4 Nf6 2.Nf3 g6 3.c4 Bg7 4.g3 O-O 5.Bg2 d6 6.O-O Nc6 7.Nc3 a6 8.h3 Rb8
9.Qc2 Bd7 10.Be3 b5 11.b3 Bf5 12.Qd2 bxc4 13.Nh4 Bd7 14.bxc4 e5 15.d5 Na5
16.Qd3 Re8 17.Bg5 Qc8 18.Bxf6 Bxf6 19.Ne4 Bg7 20.Rab1 Rxb1 21.Rxb1 f5 22.Ng5 Nb7
23.Ne6 Bxe6 24.dxe6 Nc5 25.Qd5 Kh8 26.Nf3 Nxe6 27.Qb7 e4 28.Nd2 Qxb7 29.Rxb7 Bd4
30.Rb1 e3 31.Nb3 exf2+ 32.Kf1 Bb6 33.Rd1 Ng5 34.Nd4 Ne4 35.g4 Ng3+ 36.Kxf2 Nxe2  0-1

[Event "TCh-Eur Seniors"]
[Site "Dresden GER"]
[Date "2010.02.13"]
[Round "4"]
[White "Bennett,P"]
[Black "Winiwarter,F"]
[Result "1/2-1/2"]
[WhiteElo "2087"]
[BlackElo "2192"]

1.d4 Nf6 2.Nf3 g6 3.g3 Bg7 4.Bg2 O-O 5.c4 d6 6.O-O Nc6 7.Nc3 Bg4 8.h3 Bxf3
9.Bxf3 Nd7 10.e3 e5 11.d5 Ne7 12.e4 f5 13.Bg5 Nf6 14.Qd2 Qd7 15.Kh2 Kh8 16.Rae1 Rf7
17.Bd1 Raf8 18.f4 Nfg8  1/2-1/2

[Event "TCh-SUI NatLigaA"]
[Site "Switzerland SUI"]
[Date "2010.02.14"]
[Round "1"]
[White "Almada,E"]
[Black "Vogt,L"]
[Result "1/2-1/2"]
[WhiteElo "2346"]
[BlackElo "2427"]

1.d4 Nf6 2.c4 g6 3.Nf3 Bg7 4.g3 O-O 5.Bg2 d6 6.Nc3 Nbd7 7.O-O e5 8.e4 exd4
9.Nxd4 Re8 10.h3 Nc5 11.Re1 Bd7 12.Rb1 h6 13.b4 Ne6 14.Be3 a5 15.a3 axb4
16.axb4 Ng5 17.Bxg5 hxg5 18.g4 Nh7 19.Qd2 Nf8 20.Rbd1 Ne6 21.Nxe6 Bxe6 22.e5 Bxe5
23.Bxb7 Rb8 24.Bc6 Rf8 25.Nd5 Kg7 26.b5 Rh8 27.Qd3 f5 28.Rxe5 dxe5 29.Qc3 Kh6
30.Qxe5 Qd6 31.Qxd6 cxd6 32.Re1 Bxd5 33.cxd5 fxg4 34.hxg4 Rhf8  1/2-1/2

[Event "TCh-Eur Seniors"]
[Site "Dresden GER"]
[Date "2010.02.16"]
[Round "7"]
[White "Holscher,P"]
[Black "Woeber,F"]
[Result "0-1"]
[WhiteElo "2043"]
[BlackElo "2185"]

1.d4 Nf6 2.Nf3 g6 3.g3 Bg7 4.Bg2 O-O 5.c4 d6 6.Nc3 c6 7.O-O a6 8.h3 b5 9.b3 Bb7
10.Qc2 b4 11.Nb1 c5 12.Bb2 cxd4 13.Nxd4 Bxg2 14.Kxg2 Qb6 15.Nd2 Nc6 16.N2f3 Rfc8
17.Rac1 Nd7 18.Nxc6 Qxc6 19.Bxg7 Kxg7 20.Kg1 Nc5 21.Rfd1 Ne4 22.Rd4 Nc3 23.a4 Qd7
24.Qd2 Rc5 25.Rh4 h5 26.Qe3 Qe6 27.Qxe6 fxe6 28.Rc2 e5 29.Ng5 Kf6 30.Ne4+ Nxe4
31.Rxe4 d5 32.Rh4 Rh8 33.f4 e4 34.g4 d4 35.Rd2 e5 36.gxh5 gxh5 37.Kh2 Rc7
38.Rd1 Rd7 39.Rf1 d3 40.exd3 exd3 41.fxe5+ Kxe5 42.Re1+ Kf5 43.Rf1+ Kg5 44.Re4 d2
45.h4+ Kg6 46.Re6+ Kg7 47.Rd1 Kf7 48.Re2 Rhd8 49.Kg2 Rd3 50.Rf2+ Ke6 51.Rf3 Ke5
52.Kf2 Kd4  0-1

[Event "TCh-Eur Seniors"]
[Site "Dresden GER"]
[Date "2010.02.16"]
[Round "7"]
[White "Jorgensen,J"]
[Black "Csulits,A"]
[Result "1-0"]
[WhiteElo "2339"]
[BlackElo "2222"]

1.Nf3 Nf6 2.d4 g6 3.c4 Bg7 4.g3 O-O 5.Bg2 d6 6.Nc3 Nc6 7.h3 e5 8.Be3 exd4
9.Nxd4 Bd7 10.O-O Nxd4 11.Bxd4 Bc6 12.e4 Re8 13.Re1 Nd7 14.Rc1 Bxd4 15.Qxd4 Qf6
16.Qd1 Re7 17.b4 Nb6 18.a4 a5 19.b5 Bd7 20.f4 Be6 21.c5 dxc5 22.e5 Qg7 23.Ne4 Nd7
24.Nxc5 Nxc5 25.Rxc5 Qf8 26.Qc2 Qc8 27.Kh2 b6 28.Rc3 Bf5 29.Qc1 Rb8 30.Rd1 Rd7
31.Rxd7 Qxd7 32.Rxc7 Rc8 33.Rxd7 Rxc1 34.Rd8+ Kg7 35.g4 Be6 36.Rd6 Rc2 37.Kg3 Rc3+
38.Kh4 Rc4 39.Rxb6 Rxa4 40.Ra6 Ra2 41.Bc6 Bc4 42.Ra7 Ra3 43.f5 h6 44.fxg6 Rb3
45.gxf7 Bf1 46.g5 Rb4+ 47.Kg3 hxg5 48.Bd5 Rxb5 49.Ra8  1-0

[Event "TCh-Eur Seniors"]
[Site "Dresden GER"]
[Date "2010.02.18"]
[Round "9"]
[White "Bennett,P"]
[Black "Nickl,K"]
[Result "1/2-1/2"]
[WhiteElo "2087"]
[BlackElo "2183"]

1.d4 Nf6 2.Nf3 g6 3.g3 Bg7 4.Bg2 O-O 5.c4 d6 6.Nc3 Nc6 7.O-O a6 8.e4 Bg4
9.Be3 Nd7 10.h3 Bxf3 11.Bxf3 e5 12.d5 Nd4 13.Bg2 c5 14.dxc6 bxc6 15.Bxd4 exd4
16.Ne2 Qb6 17.Rb1 a5 18.b3 Rae8 19.Nf4 Nc5 20.Re1 Qb4 21.Nd3 Nxd3 22.Qxd3 d5
23.a3 Qxa3 24.exd5 cxd5 25.Bxd5 Rxe1+ 26.Rxe1 a4 27.Rb1 Rb8 28.Qf3 axb3 29.Bxf7+ Kh8
30.c5 Qxc5 31.Bxb3 Rf8 32.Qd3 Qc3 33.Bc4 Rc8 34.Ba6 Rf8 35.Bc4 Ra8 36.Ba6 Re8
37.Bc4 Bf6 38.Kg2 Rc8 39.Ba6 Ra8 40.Rb6 Rf8 41.Bc4 Bg7  1/2-1/2

[Event "2nd MGU Open"]
[Site "Sofia BUL"]
[Date "2010.02.21"]
[Round "4"]
[White "Kostov,N"]
[Black "Spassov,B"]
[Result "1-0"]
[WhiteElo "1987"]
[BlackElo "1728"]

1.d4 Nf6 2.Nf3 g6 3.c4 Bg7 4.g3 d6 5.Bg2 O-O 6.Nc3 c6 7.e4 Bg4 8.h3 Bxf3
9.Qxf3 Nbd7 10.O-O e5 11.Be3 Qa5 12.d5 Rab8 13.a3 Qa6 14.b3 cxd5 15.exd5 Ne8
16.Nb5 f5 17.Qe2 b6 18.Ra2 Qb7 19.Qd2 a6 20.Nc3 Rf7 21.f4 e4 22.Rb1 Nc5 23.b4 Nd7
24.Bf1 Nc7 25.Ne2 Qc8  1-0

[Event "18th Fajr Open"]
[Site "Mashhad IRI"]
[Date "2010.02.22"]
[Round "4"]
[White "Gaprindashvili,V"]
[Black "Kowsarinia,A"]
[Result "1-0"]
[WhiteElo "2433"]
[BlackElo "2100"]

1.d4 Nf6 2.c4 g6 3.Nf3 Bg7 4.g3 O-O 5.Bg2 d6 6.O-O c6 7.Nc3 Qa5 8.Nd2 Nfd7
9.Rb1 Qa6 10.e3 e5 11.d5 f5 12.dxc6 Nxc6 13.Nb5 Qb6 14.Nxd6 e4 15.N2xe4 fxe4
16.Nxc8 Raxc8 17.Qxd7 Ne5 18.Qd5+ Kh8 19.Qxe4 Rxc4 20.Qxb7 Qa5 21.Qd5 Rc5
22.b4 Rxd5 23.bxa5 Rxa5 24.Rb2 Rc8 25.Rd2 Rac5 26.Bb2 Rc2 27.Rxc2 Rxc2 28.Bd4 Nd7
29.Rd1 Bxd4 30.Rxd4 Ne5 31.Bd5 Rc5 32.Kg2 Kg7 33.Bb3 Kf6 34.Rd6+  1-0

[Event "18th Fajr Open"]
[Site "Mashhad IRI"]
[Date "2010.02.24"]
[Round "7"]
[White "Akbari Zahmati,A"]
[Black "Harutjunyan,G"]
[Result "0-1"]
[WhiteElo "2083"]
[BlackElo "2475"]

1.d4 Nf6 2.Nf3 g6 3.c4 Bg7 4.g3 d6 5.Bg2 O-O 6.O-O c6 7.Nc3 Qa5 8.e4 e5 9.Re1 Na6
10.h3 Be6 11.d5 cxd5 12.cxd5 Bd7 13.Be3 Rfc8 14.Nd2 Qd8 15.Rc1 Rc7 16.Qb3 Qc8
17.Kh2 Nc5 18.Bxc5 Rxc5 19.Nf1 h5 20.Rc2 b5 21.Rec1 Bh6 22.Ne3 Qa6 23.Ncd1 Rac8
24.Kg1 h4 25.g4 Qa5 26.Kf1 b4 27.Rxc5 dxc5 28.Kg1 Ba4 29.Qd3 Bb5 30.Nc4 Bxc1  0-1

[Event "18th Fajr Open"]
[Site "Mashhad IRI"]
[Date "2010.02.25"]
[Round "9"]
[White "Abedi,Ab"]
[Black "Bahmaee,M"]
[Result "1-0"]
[WhiteElo "2177"]
[BlackElo "1951"]

1.d4 Nf6 2.Nf3 d6 3.c4 g6 4.g3 Bg7 5.Bg2 O-O 6.O-O Nbd7 7.Nc3 c5 8.d5 a6
9.a4 Rb8 10.Qd3 Ng4 11.e4 Qa5 12.Nd2 Qb4 13.h3 Nge5 14.Qe2 Nf6 15.f4 Ned7
16.Kh2 Ne8 17.Qd3 Qa5 18.Nb3 Qc7 19.Bd2 b5 20.axb5 axb5 21.Na5 bxc4 22.Nxc4 Nb6
23.b3 Qd7 24.Rae1 Nc7 25.e5 Nxc4 26.bxc4 Rb2 27.Ne4 h6 28.Qa3 Rb8 29.Bc3 Ba6
30.exd6 exd6 31.Bf6 Qf5 32.Qa1 Bxf6 33.Nxf6+ Kh8 34.Nd7+ Kg8 35.Nxb8 Rxb8
36.Re7 Bxc4 37.Rfe1 Bxd5 38.Bxd5 Qxd5 39.Rxc7 Qd2+ 40.Kg1 Rb2 41.Qa8+ Kg7
42.Rxf7+ Kxf7 43.Qe8+  1-0

[Event "48th XtraCon TCh-DEN 2009-10"]
[Site "Denmark DEN"]
[Date "2010.03.01"]
[Round "6"]
[White "Ligaard,M"]
[Black "Bjerre,T"]
[Result "1-0"]
[WhiteElo "2240"]
[BlackElo "2380"]

1.d4 Nf6 2.Nf3 g6 3.c4 Bg7 4.g3 O-O 5.Bg2 d6 6.Nc3 c6 7.h3 Qc7 8.O-O e5 9.e4 Nbd7
10.Be3 Re8 11.Qc2 Nf8 12.d5 c5 13.Kh2 h6 14.Nh4 Qe7 15.Rae1 Kh7 16.Bf3 Qd7
17.g4 Qe7 18.Kg3 Ng8 19.Qd2 Bf6 20.Ng2 Bg7 21.Nh4 Bf6 22.Ng2 Bg7 23.Bd1 g5
24.f3 Ng6 25.Rh1 Nf4 26.Kf2 Kg6 27.Ba4 Rf8 28.Reg1 Nf6 29.Ne2 Rh8 30.Ng3 h5
31.gxh5+ N6xh5 32.Nxh5 Kxh5 33.Nxf4+ exf4 34.Bxf4 gxf4 35.Rxg7 Qh4+ 36.Ke2 f5
37.Qe1 Qf6 38.Qc3 Qxc3 39.bxc3 Rf8 40.Rhg1 fxe4 41.Rh7+  1-0

[Event "TCh-ISL 2009-10"]
[Site "Rekjavik ISL"]
[Date "2010.03.05"]
[Round "5"]
[White "Kveinys,A"]
[Black "Salama,O"]
[Result "1/2-1/2"]
[WhiteElo "2531"]
[BlackElo "2272"]

1.d4 Nf6 2.Nf3 g6 3.c4 Bg7 4.g3 O-O 5.Bg2 d6 6.O-O Nc6 7.Nc3 e5 8.d5 Ne7
9.e4 Nd7 10.Ne1 f5 11.Nd3 Nf6 12.Re1 Kh8 13.f4 fxe4 14.Nxe4 Nxe4 15.Bxe4 exf4
16.Bxf4 Ng8 17.Qd2 Nf6 18.Bg2 Bf5 19.c5 Qd7 20.cxd6 cxd6 21.Nf2 Rac8 22.Rac1 Rfe8
23.Qb4 Rxe1+ 24.Rxe1 Rc5 25.Qd2 Rc2 26.Qe3 Rxb2 27.Qxa7 h6 28.h3 g5 29.Bc1 Rc2
30.Be3 Kh7 31.a4  1/2-1/2

[Event "3rd Inv FIDE MN"]
[Site "Saint Paul USA"]
[Date "2010.03.07"]
[Round "9"]
[White "Wasiluk,K"]
[Black "Amarasinghe,P"]
[Result "1/2-1/2"]
[WhiteElo "2214"]
[BlackElo "1959"]

1.d4 Nf6 2.c4 g6 3.Nf3 Bg7 4.g3 O-O 5.Bg2 d6 6.O-O Nc6 7.Nc3 Bg4 8.d5 Na5
9.Qd3 c6 10.b4 Bf5 11.e4 Nxe4 12.Nxe4 Nxc4 13.Nd4 cxd5 14.Nxf5 gxf5 15.Ng5 e6
16.Rb1 h6 17.Nh3 Rc8 18.Nf4 Kh7 19.Rb3 a6 20.Nxd5 Ne5 21.Qb1 exd5 22.Qxf5+ Ng6
23.Bxd5 Rc7 24.h4 Qc8 25.Qb1 Kh8 26.Bxf7 Nxh4 27.Bd5 Nf5 28.Bb2 Nd4 29.Re3 Rc2
30.Re7 Ne2+ 31.Rxe2 Rxe2 32.Qg6 Rxb2 33.Be4  1/2-1/2

[Event "Bunratty Masters"]
[Site "Bunratty IRL"]
[Date "2010.03.20"]
[Round "3"]
[White "Baburin,A"]
[Black "Short,P"]
[Result "1-0"]
[WhiteElo "2552"]
[BlackElo "2296"]

1.d4 Nf6 2.c4 g6 3.Nf3 Bg7 4.g3 O-O 5.Bg2 d6 6.O-O Nbd7 7.Nc3 e5 8.e4 a6
9.Re1 Rb8 10.d5 Ne8 11.b4 h6 12.Qc2 c5 13.dxc6 bxc6 14.Rb1 Nb6 15.c5 dxc5
16.bxc5 Nd7 17.Rxb8 Nxb8 18.h3 Qe7 19.Na4 Be6 20.Nb6 Nc7 21.a4 Nd7 22.Be3 Rd8
23.Rd1 Nb8 24.Rd2 Rxd2 25.Qxd2 Kh7 26.Kh2 f6 27.Bf1 Bf8 28.Qa5 Bf7 29.Nd2 Ne6
30.Bc4 Nc7 31.Nc8 Qd7 32.Nd6 Bxc4 33.N2xc4 Ne6 34.Qb6 Qc7 35.Ne8 Qxb6 36.Nxf6+ Kg7
37.Ne8+ Kf7 38.Ned6+ Bxd6 39.Nxd6+ Ke7 40.Nc8+ Kd8 41.Nxb6 g5  1-0

[Event "TCh-FIN 2009-10"]
[Site "Finland FIN"]
[Date "2010.03.21"]
[Round "9"]
[White "Volodin,Alek"]
[Black "Sepp,O"]
[Result "1/2-1/2"]
[WhiteElo "2429"]
[BlackElo "2442"]

1.d4 Nf6 2.c4 g6 3.Nf3 Bg7 4.g3 O-O 5.Bg2 d6 6.O-O Nbd7 7.Qc2 e5 8.dxe5 dxe5
9.e4 c6 10.Rd1 Re8 11.h3 Qc7 12.Be3 Bf8 13.Nc3 Bc5 14.Bg5 Nh5 15.Na4 Bf8
16.Be3 b6 17.b3 Ng7 18.Rac1 Ne6 19.Qb2 Bg7 20.Nc3 a5 21.a3 Ndc5 22.Rb1  1/2-1/2

[Event "ch-Moscow KO"]
[Site "Moscow RUS"]
[Date "2010.03.25"]
[Round "1.1"]
[White "Dobrov,V"]
[Black "Zaitsev,I"]
[Result "1-0"]
[WhiteElo "2510"]
[BlackElo "2415"]

1.d4 Nf6 2.c4 d6 3.Nf3 g6 4.g3 Bg7 5.Bg2 O-O 6.O-O b6 7.Nc3 Bb7 8.Qc2 Nbd7
9.Rd1 Re8 10.e4 e5 11.dxe5 dxe5 12.Nd5 Qb8 13.b4 a5 14.bxa5 Rxa5 15.Bd2 Bxd5
16.cxd5 Rc5 17.Qb1 Rc4 18.Ne1 Qa7 19.Rc1 Ra4 20.Bb4 Ra8 21.Nd3 Rxa2 22.Rxa2 Qxa2
23.Qxa2 Rxa2 24.Rxc7 Ra1+ 25.Bf1 Ra8 26.f3 Bf8 27.Bxf8 Kxf8 28.Bh3 Ra3 29.Nb4 Nc5
30.d6 Ra1+ 31.Kg2 Rd1 32.Rc8+ Kg7 33.Rc6 Nb7 34.f4 Nxe4 35.fxe5 Nbxd6 36.exd6 Rxd6
37.Rxd6 Nxd6 38.Kf3 f5 39.Kf4 Nf7 40.Nd5 b5 41.Bf1 h6 42.Bxb5 g5+ 43.Ke3 Ne5
44.Be2 Kf7 45.Kd4  1-0

[Event "ch-Moscow KO"]
[Site "Moscow RUS"]
[Date "2010.03.25"]
[Round "1.1"]
[White "Dubov,Danii"]
[Black "Krylov,M RUS"]
[Result "1/2-1/2"]
[WhiteElo "2416"]
[BlackElo "2530"]

1.d4 Nf6 2.Nf3 g6 3.c4 Bg7 4.g3 O-O 5.Bg2 d6 6.O-O Nc6 7.Nc3 a6 8.d5 Na5
9.Nd2 c5 10.Qc2 Rb8 11.b3 b5 12.Bb2 e5 13.dxe6 fxe6 14.Rad1 bxc4 15.Nxc4 Nxc4
16.bxc4 Rb4 17.e3 Bb7 18.Bxb7 Rxb7 19.Ba1 Qe7 20.Rd2 Ng4 21.Qe4 Ne5 22.f4 Ng4
23.Qf3 Ne5 24.Qe4 Ng4  1/2-1/2

[Event "ch-VIE"]
[Site "Ho Chi Minh City VIE"]
[Date "2010.03.26"]
[Round "2"]
[White "Pham Duc Thang"]
[Black "Ngo Quang Nhat"]
[Result "1-0"]
[WhiteElo "2250"]
[BlackElo "1784"]

1.c4 Nf6 2.g3 g6 3.Bg2 Bg7 4.Nf3 d6 5.d4 O-O 6.O-O Re8 7.Nc3 Bf5 8.Nh4 Bc8
9.e4 c6 10.h3 Nbd7 11.Be3 Nb6 12.b3 Bd7 13.Qd2 e6 14.e5 dxe5 15.dxe5 Nh5
16.Nf3 Bf8 17.g4 Ng7 18.Ne4 Be7 19.Nf6+ Kh8 20.Ng5 Rf8 21.Bxb6 axb6 22.Ngxh7 Nf5
23.gxf5 Kg7 24.Nxf8 Bxf8 25.Nxd7 exf5 26.e6 fxe6 27.Qc3+  1-0

[Event "TCh-AUT 2009-10"]
[Site "Baden AUT"]
[Date "2010.03.28"]
[Round "9"]
[White "Juhasz,Kr"]
[Black "Baklan,V"]
[Result "1/2-1/2"]
[WhiteElo "2232"]
[BlackElo "2655"]

1.d4 Nf6 2.c4 g6 3.Nf3 d6 4.g3 Bg7 5.Bg2 O-O 6.O-O Nc6 7.Nc3 Bf5 8.d5 Na5
9.Nd2 c5 10.e4 Bd7 11.Qc2 e5 12.b3 b6 13.Bb2 h5 14.Rae1 h4 15.Nd1 Nh5 16.Qd3 Bh6
17.Qe2 b5 18.Ne3 Rb8 19.Bc3 b4 20.Bb2 Nb7 21.Bf3 Ng7 22.Bg4 hxg3 23.hxg3 Bxe3
24.fxe3 f6 25.Kg2 Qc8 26.Bxd7 Qxd7 27.Rh1 Kf7 28.Rh6 Rh8 29.Reh1 Rxh6 30.Rxh6 Rg8
31.Nf3 Qc8 32.Qf2  1/2-1/2

[Event "TCh-AUT 2009-10"]
[Site "Baden AUT"]
[Date "2010.03.29"]
[Round "10"]
[White "Braun,A"]
[Black "Lanka,Z"]
[Result "1-0"]
[WhiteElo "2524"]
[BlackElo "2506"]

1.d4 Nf6 2.c4 g6 3.Nf3 Bg7 4.g3 d6 5.Bg2 O-O 6.O-O Nc6 7.Nc3 a6 8.Re1 Re8
9.d5 Na5 10.Nd2 c5 11.Qc2 Rb8 12.a3 Qc7 13.b3 b5 14.Bb2 bxc4 15.bxc4 e5 16.Rab1 Bf5
17.e4 Bd7 18.Na2 Rb7 19.Bc3 Reb8 20.Rxb7 Nxb7 21.Nc1 Ne8 22.Nd3 Bh6 23.f4 f6
24.Bf3 Nd8 25.Qd1 Nf7 26.Bg4 Qc8 27.Bxd7 Qxd7 28.Rf1 Bg7 29.Kg2 Nc7 30.h3 Re8
31.f5 gxf5 32.Rxf5 Nh6 33.Rf2 Kh8 34.Qb3 Na8 35.Rf1 f5 36.Kh2 Rg8 37.exf5 Nxf5
38.Ne4 h6 39.Bd2 Nd4 40.Qd1 Rf8 41.Rxf8+ Bxf8 42.Ba5 Be7 43.Qh5 Kg7 44.Bd2 Qf5
45.Bxh6+ Kh7 46.Bg5+ Kg7 47.Qh6+ Kf7 48.Bxe7 Nf3+ 49.Kh1 Qxe4 50.Qf6+ Kg8
51.Qf8+ Kh7 52.Qf7+ Kh6 53.Bf8+ Kg5 54.Qe7+  1-0

[Event "ch-VIE"]
[Site "Ho Chi Minh City VIE"]
[Date "2010.03.29"]
[Round "6"]
[White "Pham Chuong"]
[Black "Nguyen Van Hai"]
[Result "1/2-1/2"]
[WhiteElo "2370"]
[BlackElo "2300"]

1.d4 Nf6 2.c4 g6 3.Nf3 Bg7 4.g3 O-O 5.Bg2 d6 6.O-O c6 7.Nc3 Bf5 8.Ne1 Qc8
9.e4 Bh3 10.e5 Ne8 11.Bg5 f6 12.exf6 exf6 13.Bf4 Na6 14.Nc2 Nac7 15.Re1 Bxg2
16.Kxg2 Ne6 17.Be3 Ng5 18.h4 Qh3+ 19.Kg1 Nf7 20.Qf3 Nc7 21.Qg2 Qf5 22.Qe4 Qh3
23.Re2 Rae8 24.Qg2 Qxg2+ 25.Kxg2 Re7 26.Rae1 Rfe8 27.b4 Bh6 28.f4 d5 29.c5 b5
30.a4 a6 31.Ra1 f5 32.Kf3 Bg7 33.Ra2 Nh6 34.Bf2 Ng4 35.Rxe7 Rxe7 36.axb5 axb5
37.Ra7 Kf7 38.Bg1 Ke8 39.Ne2 Kd7 40.Nc1 Re8  1/2-1/2

[Event "21st Pobeskydi Arcelor Mittal Cup"]
[Site "Frydek-Mistek CZE"]
[Date "2010.04.01"]
[Round "2"]
[White "Horak,Ji1"]
[Black "Miculka,P"]
[Result "0-1"]
[WhiteElo "2236"]
[BlackElo "2007"]

1.d4 Nf6 2.c4 g6 3.Nf3 Bg7 4.g3 O-O 5.Bg2 d6 6.O-O Nbd7 7.Nc3 e5 8.e3 c6
9.b3 Re8 10.Bb2 e4 11.Nd2 d5 12.cxd5 cxd5 13.Rc1 a6 14.Na4 Nf8 15.Qc2 Bd7
16.Qc7 Bxa4 17.bxa4 Ne6 18.Qxd8 Rexd8 19.Rc2 Rac8 20.Rfc1 Rxc2 21.Rxc2 Bf8
22.Nb3 Rd7 23.Bh3 Rc7 24.Rxc7 Nxc7 25.Bc8 b6 26.a5 bxa5 27.Nxa5 Nfe8 28.Nb7 Nb5
29.Nc5 a5 30.Bd7 Ned6 31.a4 Nc7 32.Bc3 Nc4 33.Kf1 Bd6 34.Ke2 Kf8 35.Bc6 Ke7
36.Kd1 f5 37.Kc2 g5 38.Kb3 f4 39.exf4 gxf4 40.Nxe4 fxg3 41.Nxg3 Ke6 42.Bb5 Nxb5
43.axb5 Bc7 44.Ka4 Kf6 45.Nf1 Kf5 46.Ne3+ Ke4 47.h3 h5 48.Nxc4 dxc4 49.f4 Bxf4
50.Kxa5 Kd3 51.Be1 c3 52.Bxc3 Kxc3 53.b6 Kxd4 54.Kb4 h4 55.b7 Bb8 56.Kb3 Ke3
57.Kc3 Kf3 58.Kd3 Kg2 59.Ke2 Bg3 60.Ke3 Kxh3  0-1

[Event "17th TCh-RUS Higher League"]
[Site "Dagomys RUS"]
[Date "2010.04.02"]
[Round "1"]
[White "Rychagov,A"]
[Black "Rozum,I"]
[Result "1-0"]
[WhiteElo "2562"]
[BlackElo "2472"]

1.d4 Nf6 2.c4 g6 3.Nf3 Bg7 4.g3 O-O 5.Bg2 d6 6.O-O Nc6 7.Nc3 a6 8.d5 Na5
9.Nd2 c5 10.Rb1 Bf5 11.e4 Bd7 12.b3 b5 13.Bb2 Rb8 14.Qc2 e5 15.Ne2 h5 16.h3 Nh7
17.f4 bxc4 18.bxc4 Rxb2 19.Rxb2 exf4 20.gxf4 Qc8 21.Kh2 Bxb2 22.Qxb2 Qc7
23.Rb1 Rd8 24.f5 Bc8 25.Nf4 Nf8 26.Qf6 Re8 27.Nxh5 gxh5 28.Qg5+  1-0